| 000 | 00799nam0a22002531 4500 | ||
|---|---|---|---|
| 001 | v19\rc\1846792 | ||
| 005 | 20251118180059.3 | ||
| 035 | _a(NLR Aleph) 004943080 | ||
| 090 |
_a5802085 _c5802085 |
||
| 100 | _a20080221d1909 u y0rusy50 ca | ||
| 101 | 0 | _arus | |
| 102 | _aRU | ||
| 105 | _aa z ||||| | ||
| 200 | 1 | _aЖурнал Съезда лесных чинов Астраханской губ. в 1909 году. [13-17 июля] | |
| 210 |
_aАстрахань _d1909 |
||
| 215 |
_a57 с., 2 л. табл. _d18 |
||
| 710 | 1 | 2 |
_aАстраханский губ. съезд лесных чинов _f1909 |
| 801 | 0 |
_aRU _bNLR _gpsbo |
|
| 801 | 0 |
_aRU _bRuMoRGB _2psbo |
|
| 801 | 1 |
_aRU _bProSoft-M _2rusmarc |
|
| 852 |
_aNLR _j37.45.10.106 |
||
| 899 |
_aRuMoRGB _jV 569/460 |
||
| 942 | _cBOOK | ||
| 980 | _aNB | ||